=LDR 00000nam 2200000 4500 =001 INLIS000000000061364 =005 20240730084334 =035 ##$$a 0010-1022000105 =007 ta =008 240730################g##########0#ind## =020 ##$$a 978-979-29-2241-7 =082 ##$$a 680 =084 ##$$a 680 LIS s =100 #$$a Lisdy Rahayu =245 1#$$a Seri aku terampil : $b Yuk, berkreasi dengan barang bekas /$c Lisdy Rahayu =260 ##$$a Yogyakarta :$b G-Media,$c 2021 =300 ##$$a vi, 47 hlm : $b Ilus ; $c 23 cm =650 #4$$a Kerajinan Tangan-barang bekas =504 ##$$a Bibliografi : hal 47 =990 ##$$a 21401992 =990 ##$$a 15121512 =990 ##$$a 21401993 =990 ##$$a 21401992